| 000 | 00434nam a22001577a 4500 | ||
|---|---|---|---|
| 005 | 20180701113108.0 | ||
| 010 | _aB-217691 | ||
| 020 |
_a8184050119 _c575.00 |
||
| 035 | _aB-217691 | ||
| 037 |
_aDPL _bENG |
||
| 100 | _aNandi, Charles | ||
| 245 |
_aPrint media and photojournalism / _cby Charles Nandi |
||
| 260 |
_aNew Delhi _bReference Press _c2006 |
||
| 300 |
_av, 244p. _c18 cms. |
||
| 942 |
_2ddc _cEN _h070.1 _mNAN |
||
| 999 |
_c63700 _d63700 |
||